[Event "UKR-ch (Women) 81st"]
[Site "Kharkov"]
[Date "2021.12.09"]
[Round "2"]
[White "Doluhanova, Evgeniya"]
[Black "Lomakina, Anzhelika"]
[Result "1/2-1/2"]
[WhiteElo "2264"]
[BlackElo "2009"]
[PlyCount "52"]
[EventDate "2021.12.08"]
[EventType "tourn"]
[EventRounds "9"]
[EventCountry "UKR"]
[SourceTitle "CBM 205 Extra"]
[Source "ChessBase"]
[SourceDate "2022.01.31"]
[SourceVersion "1"]
[SourceVersionDate "2022.01.31"]
[SourceQuality "1"]

1. c4 e5 2. d3 Nf6 3. Nf3 Nc6 4. a3 a5 5. Nc3 d5 6. cxd5 Nxd5 7. e4 Nf6 8. Be2 Bg4 9. Be3 Bxf3 10. Bxf3 Nd4 11. 0-0 Bc5 12. Rc1 0-0 13. Nd5 Nd7 14. Bg4 Bd6 15. f4 c6 16. Bxd4 exd4 17. Bxd7 cxd5 18. Qa4 dxe4 19. dxe4 Qe7 20. e5 Bc5 21. Kh1 Rfd8 22. Bf5 d3 23. Bxd3 Rxd3 24. Qc4 Rd2 25. Qxc5 Qxc5 26. Rxc5 Rxb2 1/2-1/2

[Event "UKR-ch (Women) 81st"]
[Site "Kharkov"]
[Date "2021.12.08"]
[Round "1"]
[White "Lomakina, Anzhelika"]
[Black "Tsirulnik, Maritsa"]
[Result "1-0"]
[WhiteElo "2009"]
[BlackElo "2054"]
[PlyCount "61"]
[EventDate "2021.12.08"]
[EventType "tourn"]
[EventRounds "9"]
[EventCountry "UKR"]
[SourceTitle "CBM 205 Extra"]
[Source "ChessBase"]
[SourceDate "2022.01.31"]
[SourceVersion "1"]
[SourceVersionDate "2022.01.31"]
[SourceQuality "1"]

1. e4 c5 2. Nf3 e6 3. d4 cxd4 4. Nxd4 a6 5. c4 Nf6 6. Nc3 Qc7 7. Be2 b6 8. 0-0 Bb7 9. f3 Bd6 10. Kh1 Be7 11. Be3 d6 12. Nb3 Nbd7 13. a4 0-0 14. a5 bxa5 15. Nxa5 Rfb8 16. Qd2 Ne5 17. Rfb1 Bc8 18. f4 Neg4 19. Bg1 h5 20. h3 Nh6 21. Bf3 h4 22. Be3 Bd7 23. e5 dxe5 24. Bxa8 Rxa8 25. fxe5 Qxe5 26. Bf4 Qh5 27. Qe2 Qf5 28. Bxh6 Nh5 29. Qg4 Ng3+ 30. Kh2 Bd6 31. Qxg7# 1-0

[Event "Wch FIDE Online U14 Girls Europe qual"]
[Site "Tornelo INT"]
[Date "2020.12.09"]
[Round "6"]
[White "Nadzamova, Viktoria"]
[Black "Lomakina, Anzhelika"]
[Result "1-0"]
[WhiteElo "1804"]
[BlackElo "1737"]
[PlyCount "59"]
[EventDate "2020.12.07"]
[EventType "swiss (rapid)"]
[EventRounds "7"]
[EventCountry "ISS"]
[SourceTitle "EXT 2022"]
[Source "ChessBase"]
[SourceDate "2021.10.06"]
[SourceVersion "1"]
[SourceVersionDate "2021.10.06"]
[SourceQuality "1"]

1. e4 c5 2. Nf3 e6 3. d4 cxd4 4. Nxd4 Nc6 5. Nc3 Qc7 6. Be3 a6 7. Be2 Nf6 8. 0-0 Bb4 9. f3 h5 10. a3 Bxc3 11. bxc3 Na5 12. Qd3 h4 13. c4 h3 14. g3 Nc6 15. f4 e5 16. Nf5 exf4 17. Bxf4 Qb6+ 18. Be3 Qb2 19. Nxg7+ Kf8 20. Nf5 d5 21. Bc5+ Kg8 22. exd5 Ne5 23. Ne7+ Kg7 24. Qe3 Bg4 25. Qg5+ Ng6 26. Bxg4 Nxg4 27. Rxf7+ Kxf7 28. Qxg6+ Kf8 29. Rf1+ Nf6 30. Ng8# 1-0

[Event "Wch FIDE Online U14 Girls Europe qual"]
[Site "Tornelo INT"]
[Date "2020.12.07"]
[Round "2"]
[White "Lomakina, Anzhelika"]
[Black "Siekanska, Maria"]
[Result "1-0"]
[WhiteElo "1737"]
[BlackElo "1587"]
[PlyCount "93"]
[EventDate "2020.12.07"]
[EventType "swiss (rapid)"]
[EventRounds "7"]
[EventCountry "ISS"]
[SourceTitle "EXT 2022"]
[Source "ChessBase"]
[SourceDate "2021.10.06"]
[SourceVersion "1"]
[SourceVersionDate "2021.10.06"]
[SourceQuality "1"]

1. e4 c6 2. d4 d5 3. Nd2 dxe4 4. Nxe4 Bf5 5. Ng3 Bg6 6. h4 h6 7. Nf3 e6 8. Ne5 Bh7 9. Bf4 Nd7 10. Qd2 Be7 11. Nh5 Bf6 12. 0-0-0 Ne7 13. Nxd7 Qxd7 14. Nxf6+ gxf6 15. Bxh6 Rg8 16. Qa5 Nf5 17. Bf4 b6 18. Qa6 Rd8 19. c3 Rg4 20. g3 Qd5 21. Be2 Rg8 22. Qc4 Qd7 23. Bf3 Ne7 24. h5 Nd5 25. h6 Rc8 26. Rde1 a5 27. Be4 f5 28. Bc2 Nxf4 29. gxf4 Qd6 30. Re5 Rg4 31. d5 b5 32. Qd3 Rxf4 33. dxe6 Qxd3 34. Bxd3 fxe6 35. Rxe6+ Kf7 36. Rd6 Rxf2 37. Rd7+ Kg6 38. Rg1+ Kxh6 39. Rh1+ Kg5 40. Rdxh7 Rd8 41. R7h5+ Kg4 42. Bc2 Rdd2 43. Bxf5+ Kg3 44. Rg1+ Kf4 45. Bh7 Rxb2 46. Rf5+ Ke3 47. Rg3+ 1-0

[Event "UKR-ch rapid (Women)"]
[Site "Kherson"]
[Date "2020.12.04"]
[Round "9"]
[White "Rakhmangulova, Anastasiya"]
[Black "Lomakina, Anzhelika"]
[Result "1-0"]
[WhiteElo "2132"]
[BlackElo "1663"]
[PlyCount "45"]
[EventDate "2020.12.03"]
[EventType "swiss (rapid)"]
[EventRounds "9"]
[EventCountry "UKR"]
[SourceTitle "EXT 2022"]
[Source "ChessBase"]
[SourceDate "2021.10.06"]
[SourceVersion "1"]
[SourceVersionDate "2021.10.06"]
[SourceQuality "1"]

1. e4 e5 2. Nf3 Nc6 3. c3 d5 4. Qa4 dxe4 5. Nxe5 Qd5 6. Nxc6 bxc6 7. Bc4 Qd6 8. 0-0 Nf6 9. d3 exd3 10. Bf4 Qd7 11. Bxd3 Be7 12. Bf5 Qd5 13. Bxc8 Rxc8 14. Re1 Qb5 15. Qc2 Nd5 16. c4 Qa5 17. Bd2 Nb4 18. Qe4 Qc5 19. a3 Na6 20. b4 Qd6 21. c5 Qf6 22. Bc3 Qe6 23. Qd3 1-0

[Event "Wch-ch U12 Girls rapid"]
[Site "Minsk"]
[Date "2019.08.17"]
[Round "7"]
[White "Szczotka, Klara"]
[Black "Lomakina, Anzhelika"]
[Result "0-1"]
[WhiteElo "1522"]
[BlackElo "1736"]
[PlyCount "52"]
[EventDate "2019.08.16"]
[EventType "swiss (rapid)"]
[EventRounds "9"]
[EventCountry "BLR"]
[SourceTitle "EXT 2020"]
[Source "ChessBase"]
[SourceDate "2019.10.17"]
[SourceVersion "1"]
[SourceVersionDate "2019.10.17"]
[SourceQuality "1"]

1. e4 e5 2. Nf3 Nc6 3. Bb5 Nf6 4. d3 Bc5 5. c3 0-0 6. Nbd2 Re8 7. h3 d5 8. Qe2 Nh5 9. Nb3 Bb6 10. a4 a6 11. Bxc6 bxc6 12. g4 Nf4 13. Bxf4 exf4 14. 0-0-0 c5 15. Rhe1 a5 16. Qc2 Qd7 17. exd5 Bb7 18. c4 Qxa4 19. Re4 Qb4 20. Rxf4 a4 21. Na1 a3 22. bxa3 Rxa3 23. Qb2 Qa4 24. Nc2 Bxd5 25. Kd2 Ra2 26. Qc1 Ba5# 0-1

[Event "EU-ch U12 Girls"]
[Site "Bratislava"]
[Date "2019.08.06"]
[Round "5"]
[White "Berezovsky, Fiorina"]
[Black "Lomakina, Anzhelika"]
[Result "1-0"]
[WhiteElo "1564"]
[BlackElo "1732"]
[PlyCount "105"]
[EventDate "2019.08.02"]
[EventType "swiss"]
[EventRounds "9"]
[EventCountry "SVK"]
[SourceTitle "EXT 2020"]
[Source "ChessBase"]
[SourceDate "2019.10.17"]
[SourceVersion "1"]
[SourceVersionDate "2019.10.17"]
[SourceQuality "1"]

1. d4 Nf6 2. c4 e6 3. g3 Bb4+ 4. Bd2 Qe7 5. Nc3 Nc6 6. a3 Bxc3 7. Bxc3 Ne4 8. Rc1 0-0 9. Bg2 d5 10. cxd5 exd5 11. Nf3 Re8 12. h4 Bg4 13. Rc2 Rac8 14. e3 Qf6 15. 0-0 Ne7 16. Bb4 Nc6 17. Bc3 h6 18. Qe2 Ne7 19. Bb4 Nf5 20. Qb5 Bxf3 21. Bxf3 Nexg3 22. fxg3 Nxe3 23. Bxd5 Nxf1 24. Rf2 Qxd4 25. Bxf7+ Kh8 26. Bxe8 Nxg3 27. Kg2 Qe4+ 28. Kxg3 Rxe8 29. Qxe8+ Qxe8 30. Rf8+ Qxf8 31. Bxf8 Kg8 32. Bc5 b6 33. Be3 Kf7 34. b4 Ke6 35. Kg4 g5 36. h5 Kd5 37. Kf5 c5 38. bxc5 bxc5 39. Kg6 c4 40. Kxh6 c3 41. Bxg5 Kc4 42. Kg7 Kb3 43. h6 Kxa3 44. h7 a5 45. h8Q a4 46. Bc1+ Ka2 47. Qh2+ Kb1 48. Bg5 c2 49. Qg1+ Kb2 50. Qb6+ Ka2 51. Qa5 a3 52. Bc1 Kb1 53. Bxa3 1-0

[Event "EU-ch U12 Girls"]
[Site "Bratislava"]
[Date "2019.08.05"]
[Round "4"]
[White "Lomakina, Anzhelika"]
[Black "Gadasi, Noam"]
[Result "0-1"]
[WhiteElo "1732"]
[BlackElo "1534"]
[PlyCount "90"]
[EventDate "2019.08.02"]
[EventType "swiss"]
[EventRounds "9"]
[EventCountry "SVK"]
[SourceTitle "EXT 2020"]
[Source "ChessBase"]
[SourceDate "2019.10.17"]
[SourceVersion "1"]
[SourceVersionDate "2019.10.17"]
[SourceQuality "1"]

1. e4 c5 2. Nf3 d6 3. d4 cxd4 4. Nxd4 Nf6 5. Nc3 g6 6. Be3 Bg7 7. f3 0-0 8. Qd2 Nc6 9. Bc4 Bd7 10. 0-0-0 Rc8 11. Bb3 Nxd4 12. Bxd4 b5 13. Nd5 Nxd5 14. Bxg7 Kxg7 15. exd5 a5 16. a3 Qc7 17. g4 e6 18. h4 h6 19. Rh2 e5 20. Rg2 Rb8 21. f4 f6 22. g5 fxg5 23. fxe5 dxe5 24. hxg5 h5 25. d6 Qd8 26. Kb1 a4 27. Ba2 Bg4 28. Re1 Rb6 29. Qe3 Qxd6 30. Rd2 Qc7 31. b4 Re8 32. Rd5 Bf5 33. Rc5 Rc6 34. Rxc6 Qxc6 35. Qa7+ Qd7 36. Qe3 Qc6 37. Qa7+ Kh8 38. Re2 Rc8 39. Qf2 Qc3 40. Be6 Rf8 41. Rd2 e4 42. Re2 Rd8 43. Qf1 Bxe6 44. Re3 Ba2+ 45. Kc1 Qa1# 0-1

[Event "UKR-ch U12 Girls"]
[Site "Lvov"]
[Date "2019.03.29"]
[Round "11"]
[White "Lomakina, Anzhelika"]
[Black "Ivanytska, Liudmyla"]
[Result "1-0"]
[WhiteElo "1624"]
[BlackElo "1637"]
[PlyCount "45"]
[EventDate "2019.03.19"]
[EventType "tourn"]
[EventRounds "11"]
[EventCountry "UKR"]
[SourceTitle "CBM 190 Extra"]
[Source "ChessBase"]
[SourceDate "2019.07.15"]
[SourceVersion "1"]
[SourceVersionDate "2019.07.15"]
[SourceQuality "1"]

1. e4 c5 2. Nf3 e6 3. d4 cxd4 4. Nxd4 a6 5. Nc3 b5 6. a3 Bb7 7. g3 Nf6 8. Bg2 d6 9. 0-0 Qc7 10. f4 Be7 11. g4 0-0 12. g5 Nfd7 13. Rf3 Rc8 14. Rh3 Nf8 15. f5 Qc5 16. Be3 Qc7 17. Qg4 exf5 18. Nxf5 Re8 19. Qh5 Nbd7 20. Bd4 Ne5 21. Rf1 Rac8 22. Nxg7 Red8 23. Nf5 1-0

[Event "UKR-ch U12 Girls"]
[Site "Lvov"]
[Date "2019.03.26"]
[Round "8"]
[White "Gryga, Daryna"]
[Black "Lomakina, Anzhelika"]
[Result "1-0"]
[WhiteElo "1699"]
[BlackElo "1624"]
[PlyCount "115"]
[EventDate "2019.03.19"]
[EventType "tourn"]
[EventRounds "11"]
[EventCountry "UKR"]
[SourceTitle "CBM 190 Extra"]
[Source "ChessBase"]
[SourceDate "2019.07.15"]
[SourceVersion "1"]
[SourceVersionDate "2019.07.15"]
[SourceQuality "1"]

1. e4 e5 2. Nf3 Nc6 3. Nc3 Nf6 4. d4 exd4 5. Nxd4 Bb4 6. Nxc6 bxc6 7. Bd3 d5 8. exd5 cxd5 9. 0-0 0-0 10. h3 Rb8 11. Qf3 c6 12. Bf4 Bd6 13. b3 Be6 14. Ne2 c5 15. Rad1 d4 16. Bg5 Be5 17. Rfe1 Qd6 18. Nf4 Rbe8 19. Bxf6 Bxf6 20. Nh5 Bd8 21. Be4 Bc7 22. Ng3 f5 23. Bc6 Re7 24. Bb7 Rb8 25. Rxe6 Rxe6 26. Bd5 g6 27. Re1 Rbe8 28. Bxe6+ Rxe6 29. Rxe6 Qxe6 30. Qa8+ Kf7 31. Qxa7 Qe1+ 32. Nf1 Qe7 33. Qa8 Kg7 34. a4 Qe5 35. Qa6 Qe1 36. Qb5 Qa5 37. Qxa5 Bxa5 38. Ng3 Kf6 39. Kf1 Ke5 40. Ke2 Kd5 41. Nf1 Bb4 42. Nd2 Kc6 43. Nf3 Kd5 44. Kd3 Bc3 45. Ng5 h5 46. Nf3 Ke6 47. Kc4 Bb4 48. Nxd4+ Kd6 49. Nb5+ Kc6 50. c3 Ba5 51. b4 cxb4 52. cxb4 Bb6 53. Nd4+ Kd6 54. a5 Bd8 55. a6 Bb6 56. a7 Bxa7 57. Nb5+ Kc6 58. Nxa7+ 1-0

[Event "UKR-ch U12 Girls"]
[Site "Lvov"]
[Date "2019.03.23"]
[Round "5"]
[White "Lomakina, Anzhelika"]
[Black "Prochaieva, Nina"]
[Result "1-0"]
[WhiteElo "1624"]
[BlackElo "1645"]
[PlyCount "75"]
[EventDate "2019.03.19"]
[EventType "tourn"]
[EventRounds "11"]
[EventCountry "UKR"]
[SourceTitle "CBM 190 Extra"]
[Source "ChessBase"]
[SourceDate "2019.07.15"]
[SourceVersion "1"]
[SourceVersionDate "2019.07.15"]
[SourceQuality "1"]

1. e4 c5 2. Nf3 e6 3. d4 cxd4 4. Nxd4 a6 5. Nc3 b5 6. a3 Bb7 7. g3 Nf6 8. Bg2 d6 9. 0-0 Nbd7 10. Re1 Qc7 11. Qe2 Be7 12. Be3 0-0 13. f4 Rac8 14. Rad1 Nb6 15. g4 Nc4 16. Bc1 Rfe8 17. g5 Nd7 18. Qh5 g6 19. Qg4 Qb6 20. Kh1 Qc7 21. Rd3 Kg7 22. Qh3 Rh8 23. b3 Ncb6 24. Bb2 e5 25. Nf3 Kf8 26. Rd2 Ke8 27. Nd5 Bxd5 28. exd5 f6 29. gxf6 Bxf6 30. fxe5 Bxe5 31. Nxe5 Nxe5 32. Bxe5 dxe5 33. d6 Qg7 34. Qe6+ Kd8 35. d7 Rb8 36. Rxe5 Qh6 37. Qe7+ Kc7 38. d8Q# 1-0

[Event "Wch U12 Girls blitz"]
[Site "Minsk"]
[Date "2018.06.24"]
[Round "4"]
[White "Lomakina, Anzhelika"]
[Black "Kastanieda, Alla"]
[Result "1-0"]
[WhiteElo "1620"]
[BlackElo "1433"]
[PlyCount "93"]
[EventDate "2018.06.24"]
[EventType "swiss (blitz)"]
[EventRounds "9"]
[EventCountry "BLR"]
[SourceTitle "EXT 2019"]
[Source "ChessBase"]
[SourceDate "2018.10.10"]
[SourceVersion "1"]
[SourceVersionDate "2018.10.10"]
[SourceQuality "1"]

1. e4 e6 2. c4 c6 3. Nc3 d6 4. d4 b6 5. Nf3 c5 6. Be2 Nc6 7. 0-0 cxd4 8. Nxd4 Bb7 9. Be3 Nf6 10. f3 Be7 11. Qd2 0-0 12. Rfd1 Qc7 13. Ndb5 Qb8 14. Bf4 e5 15. Bg5 Rd8 16. Bxf6 Bxf6 17. Nd5 Rd7 18. Nxf6+ gxf6 19. Qh6 Qd8 20. f4 a6 21. Nc3 Qf8 22. Qxf6 Nd4 23. Bg4 Re7 24. Qxd6 Nc6 25. Nd5 Rd8 26. Nxe7+ Qxe7 27. Qxe7 Rxd1+ 28. Rxd1 Nxe7 29. Rd7 Bc8 30. Rd8+ Kg7 31. Bxc8 exf4 32. Bxa6 Nc6 33. Rc8 Nd4 34. c5 bxc5 35. Rxc5 Kf6 36. b4 Ke6 37. Bc4+ Kd6 38. Rd5+ Kc7 39. Rxd4 f6 40. a4 Kc6 41. b5+ Kb6 42. Rd6+ Ka5 43. Ra6+ Kb4 44. b6 Ka3 45. b7 f5 46. b8Q fxe4 47. Qb3# 1-0

[Event "Wch U12 Girls blitz"]
[Site "Minsk"]
[Date "2018.06.24"]
[Round "6"]
[White "Lomakina, Anzhelika"]
[Black "Nguyen, Linh Dan"]
[Result "0-1"]
[WhiteElo "1620"]
[BlackElo "1407"]
[PlyCount "152"]
[EventDate "2018.06.24"]
[EventType "swiss (blitz)"]
[EventRounds "9"]
[EventCountry "BLR"]
[SourceTitle "EXT 2019"]
[Source "ChessBase"]
[SourceDate "2018.10.10"]
[SourceVersion "1"]
[SourceVersionDate "2018.10.10"]
[SourceQuality "1"]

1. e4 c5 2. Nf3 Nc6 3. d4 cxd4 4. Nxd4 Nf6 5. Nc3 e5 6. Ndb5 d6 7. Bg5 a6 8. Na3 b5 9. Nd5 Be7 10. Bxf6 Bxf6 11. c3 Bg5 12. Nc2 0-0 13. h4 Bh6 14. a4 bxa4 15. Rxa4 a5 16. Bc4 Be6 17. Nce3 Rb8 18. b3 Bxd5 19. Nxd5 Ne7 20. Nxe7+ Qxe7 21. Rxa5 Kh8 22. Qg4 Qf6 23. 0-0 Bd2 24. Qg3 Bf4 25. Qg4 Bd2 26. Qh3 Qf4 27. Rd5 Bc1 28. Re1 Ba3 29. Qg3 Qf6 30. Red1 Bc5 31. b4 Ba7 32. Rxd6 Qf4 33. Qxf4 exf4 34. Rd7 Rbc8 35. Rxa7 Rxc4 36. Ra3 Rxe4 37. Rc1 Rc4 38. Kf1 h6 39. Ke2 Rd8 40. Ra7 f6 41. Rb7 g5 42. h5 g4 43. b5 Rc5 44. c4 Re8+ 45. Kd3 Rd8+ 46. Kc3 Rxh5 47. Rf7 Rc8 48. Rxf6 Rxb5 49. Kd4 Rb7 50. Rxf4 Rd7+ 51. Kc3 h5 52. Rf5 Rdc7 53. Rxh5+ Kg7 54. Kb4 Kg6 55. Rd5 Rb7+ 56. Rb5 Rbc7 57. c5 Re8 58. Rb6+ Kf5 59. Rc2 Re4+ 60. Kb5 Re5 61. Ka6 Rexc5 62. Rxc5+ Rxc5 63. Rb2 Kf4 64. Kb6 Rc1 65. Rb4+ Kf5 66. Rb2 Kf4 67. Rb4+ Kf5 68. Rb2 Kg5 69. Kb5 Kh4 70. g3+ Kh3 71. Re2 Kg2 72. Rd2 Rc8 73. Kb4 Kf3 74. Rb2 Rb8+ 75. Kc3 Rxb2 76. Kxb2 Kxf2 0-1

[Event "Wch U12 Girls blitz"]
[Site "Minsk"]
[Date "2018.06.24"]
[Round "2"]
[White "Lomakina, Anzhelika"]
[Black "Thai, Ngoc Tuong Minh"]
[Result "0-1"]
[WhiteElo "1620"]
[BlackElo "1432"]
[PlyCount "66"]
[EventDate "2018.06.24"]
[EventType "swiss (blitz)"]
[EventRounds "9"]
[EventCountry "BLR"]
[SourceTitle "EXT 2019"]
[Source "ChessBase"]
[SourceDate "2018.10.10"]
[SourceVersion "1"]
[SourceVersionDate "2018.10.10"]
[SourceQuality "1"]

1. e4 c5 2. Nf3 d6 3. d4 cxd4 4. Nxd4 Nf6 5. Nc3 g6 6. Be2 Bg7 7. 0-0 Nc6 8. Nb3 0-0 9. Re1 Be6 10. Bg5 Rc8 11. Bf1 Ne5 12. Nd5 Bxd5 13. exd5 Qc7 14. c3 a6 15. f4 Qb6+ 16. Qd4 Qxd4+ 17. Nxd4 Nc4 18. Rxe7 Nxd5 19. Rxb7 h6 20. Be7 Nxe7 21. Rxe7 Nxb2 22. Bxa6 Rxc3 23. Nf3 Rc6 24. Bf1 Nd3 25. Rd1 Nxf4 26. Rd7 Be5 27. Nxe5 dxe5 28. a4 Ra8 29. Bb5 Rc2 30. Rd8+ Rxd8 31. Rxd8+ Kg7 32. Bc6 Rxc6 33. a5 Ra6 0-1

[Event "Wch U12 Girls blitz"]
[Site "Minsk"]
[Date "2018.06.24"]
[Round "5"]
[White "Nguyen, Le Cam Hien"]
[Black "Lomakina, Anzhelika"]
[Result "1-0"]
[WhiteElo "1369"]
[BlackElo "1620"]
[PlyCount "160"]
[EventDate "2018.06.24"]
[EventType "swiss (blitz)"]
[EventRounds "9"]
[EventCountry "BLR"]
[SourceTitle "EXT 2019"]
[Source "ChessBase"]
[SourceDate "2018.10.10"]
[SourceVersion "1"]
[SourceVersionDate "2018.10.10"]
[SourceQuality "1"]

1. e4 e5 2. Nf3 Nc6 3. d4 exd4 4. Nxd4 Nf6 5. Nc3 Bb4 6. Nxc6 bxc6 7. Bd3 0-0 8. 0-0 Re8 9. Bg5 Rb8 10. h3 Bd6 11. Rb1 Be5 12. Qf3 d6 13. Rfe1 Rxb2 14. Rxb2 Bxc3 15. Reb1 Bxb2 16. Rxb2 h6 17. Bh4 Qe7 18. Rb8 Qe5 19. Ba6 Bxa6 20. Bxf6 gxf6 21. Qg4+ Kh7 22. Rxe8 Qxe8 23. Qf5+ Kg8 24. Qxf6 Qf8 25. Qf5 Qg7 26. g3 Qg6 27. Qf4 Kg7 28. e5 dxe5 29. Qxe5+ Qf6 30. Qxc7 Qa1+ 31. Kh2 Qc3 32. Qxa7 Bb5 33. a4 Qa3 34. Qd4+ Kg8 35. axb5 cxb5 36. c3 Qb2 37. Kg2 Qc2 38. Qc5 Qd3 39. Qc8+ Kg7 40. Qc5 Qe4+ 41. Kh2 Qd3 42. h4 Qf3 43. Qd4+ Kg8 44. Qe3 Qf6 45. Kg2 Qc6+ 46. Qf3 Qd6 47. Qg4+ Kh7 48. Qf5+ Kg8 49. Qxb5 Qe6 50. Kh2 Qf6 51. Qc5 Qf3 52. Qd4 Kh7 53. c4 f5 54. Qf4 Qc6 55. Qxf5+ Kg8 56. Qd5+ Qxd5 57. cxd5 Kf7 58. Kh3 Ke7 59. Kg4 Kd6 60. Kh5 Kxd5 61. Kxh6 Ke5 62. g4 Kf6 63. g5+ Kf7 64. Kh7 Kf8 65. g6 Ke7 66. g7 Kf7 67. g8Q+ Kf6 68. Qg6+ Ke5 69. Qg4 Kd5 70. Qe2 Kd6 71. Kg6 Kd5 72. Kf5 Kd6 73. Qe6+ Kc5 74. Qd7 Kb4 75. Qc6 Kb3 76. Ke4 Kb4 77. Kd4 Kb3 78. Qc3+ Ka4 79. Qb2 Ka5 80. Kc5 Ka4 1-0

[Event "Wch U12 Girls rapid"]
[Site "Minsk"]
[Date "2018.06.22"]
[Round "3"]
[White "Dallemura, Anna"]
[Black "Lomakina, Anzhelika"]
[Result "1-0"]
[WhiteElo "1344"]
[BlackElo "1631"]
[PlyCount "127"]
[EventDate "2018.06.22"]
[EventType "swiss (rapid)"]
[EventRounds "9"]
[EventCountry "BLR"]
[SourceTitle "EXT 2019"]
[Source "ChessBase"]
[SourceDate "2018.10.10"]
[SourceVersion "1"]
[SourceVersionDate "2018.10.10"]
[SourceQuality "1"]

1. e4 e5 2. Nf3 Nc6 3. Bb5 Nf6 4. 0-0 Nxe4 5. Re1 Nd6 6. Bxc6 dxc6 7. Nxe5 Be7 8. d4 0-0 9. Nc3 Nf5 10. Be3 Be6 11. h3 Bg5 12. Nf3 Bf6 13. Qd2 Bd5 14. Nxd5 cxd5 15. Bf4 Qd7 16. Rad1 Rfe8 17. Be5 Qc6 18. c3 Bxe5 19. dxe5 Rad8 20. Nd4 Qg6 21. Qd3 Nxd4 22. Qxg6 Nf3+ 23. gxf3 hxg6 24. f4 Re6 25. Kf1 Ra6 26. a3 Rb6 27. Rd2 c6 28. Red1 Re8 29. Re1 Rb5 30. Ree2 b6 31. Rd4 Rd8 32. Red2 Kf8 33. c4 Ra5 34. cxd5 Raxd5 35. Rxd5 Rxd5 36. Rxd5 cxd5 37. Ke2 Ke7 38. Kd3 Ke6 39. Kd4 a6 40. h4 Kf5 41. Kxd5 Kxf4 42. Kc6 b5 43. Kb6 Kxe5 44. Kxa6 f5 45. Kxb5 f4 46. a4 Ke4 47. a5 Kf3 48. a6 Kxf2 49. a7 f3 50. a8Q Kg3 51. Qc6 f2 52. Qh1 f1Q+ 53. Qxf1 Kxh4 54. Qg2 g5 55. Kc4 g4 56. Kd4 g3 57. Ke4 g5 58. Kf3 g4+ 59. Kf4 Kh5 60. Qxg3 Kh6 61. Kf5 Kh7 62. Qxg4 Kh8 63. Kf6 Kh7 64. Qg7# 1-0

[Event "UKR-ch U20 Girls"]
[Site "Mykolaiv"]
[Date "2018.02.27"]
[Round "7"]
[White "Vernigora, Alexandra"]
[Black "Lomakina, Anzhelika"]
[Result "1-0"]
[WhiteElo "1915"]
[BlackElo "1742"]
[PlyCount "59"]
[EventDate "2018.02.21"]
[EventType "swiss"]
[EventRounds "9"]
[EventCountry "UKR"]
[SourceTitle "CBM 183 Extra"]
[Source "ChessBase"]
[SourceDate "2018.04.19"]
[SourceVersion "1"]
[SourceVersionDate "2018.04.19"]
[SourceQuality "1"]

1. e4 e5 2. Nf3 Nc6 3. d4 exd4 4. Nxd4 Nf6 5. Nc3 Bb4 6. Nxc6 bxc6 7. Qd4 Qe7 8. f3 0-0 9. Bg5 d5 10. 0-0-0 Bxc3 11. Qxc3 dxe4 12. fxe4 Qxe4 13. Bd3 Qe6 14. Rde1 Qxa2 15. Bxf6 gxf6 16. Re3 Rd8 17. Qb4 Bf5 18. Rg3+ Bg6 19. Re1 Rab8 20. Qc3 Qa1+ 21. Kd2 Qxb2 22. Qxc6 Rb3 23. Re8+ Rxe8 24. Qxe8+ Kg7 25. Bxg6 Qd4+ 26. Bd3+ Kh6 27. cxb3 Qb2+ 28. Ke1 Qc1+ 29. Kf2 Qf4+ 30. Kg1 1-0

[Event "EU-ch U10 Girls 27th"]
[Site "Mamaia"]
[Date "2017.09.11"]
[Round "6"]
[White "Lomakina, Anzhelika"]
[Black "Goginyan, Tamar"]
[Result "1-0"]
[WhiteElo "1539"]
[BlackElo "1245"]
[PlyCount "79"]
[EventDate "2017.09.05"]
[EventType "swiss"]
[EventRounds "9"]
[EventCountry "ROU"]
[SourceTitle "CBM 180 Extra"]
[Source "ChessBase"]
[SourceDate "2017.10.06"]
[SourceVersion "1"]
[SourceVersionDate "2017.10.06"]
[SourceQuality "1"]

1. e4 c6 2. d4 d5 3. exd5 cxd5 4. c4 Nf6 5. Nc3 dxc4 6. Bxc4 g6 7. Nf3 Bg7 8. 0-0 0-0 9. Bg5 Bg4 10. h3 Bxf3 11. Qxf3 Nc6 12. Rad1 h6 13. Be3 e6 14. d5 Ne5 15. Qe2 Nxc4 16. Qxc4 exd5 17. Nxd5 Nd7 18. Qa4 b5 19. Qxb5 Rb8 20. Qa4 Rb7 21. Bxa7 Bxb2 22. Nb6 Rxb6 23. Bxb6 Nxb6 24. Qb4 Qf6 25. Rd6 Bc3 26. Rxf6 Bxb4 27. Rxb6 Bc3 28. Rfb1 Be5 29. a4 Ra8 30. R6b4 Bd6 31. Rc4 Kg7 32. Ra1 Be5 33. Ra2 Rd8 34. g3 Bd4 35. Rd2 Bf6 36. Rxd8 Bxd8 37. Rc8 Ba5 38. Ra8 Bc7 39. a5 Kf6 40. a6 1-0

[Event "EU-ch U10 Girls 27th"]
[Site "Mamaia"]
[Date "2017.09.08"]
[Round "4"]
[White "Novikova, Daria1111"]
[Black "Lomakina, Anzhelika"]
[Result "0-1"]
[WhiteElo "1190"]
[BlackElo "1539"]
[PlyCount "108"]
[EventDate "2017.09.05"]
[EventType "swiss"]
[EventRounds "9"]
[EventCountry "ROU"]
[SourceTitle "CBM 180 Extra"]
[Source "ChessBase"]
[SourceDate "2017.10.06"]
[SourceVersion "1"]
[SourceVersionDate "2017.10.06"]
[SourceQuality "1"]

1. d4 Nf6 2. Nf3 d5 3. e3 c5 4. Bd3 Nc6 5. 0-0 Bg4 6. c3 e6 7. b3 Bd6 8. Nbd2 0-0 9. Qc2 Rc8 10. Qb1 cxd4 11. exd4 Ne7 12. c4 dxc4 13. bxc4 b6 14. Ne5 Bf5 15. Bxf5 Nxf5 16. Nef3 Bf4 17. Nb3 Bxc1 18. Rxc1 Qe7 19. Re1 Nd6 20. c5 bxc5 21. dxc5 Nb7 22. Nfd4 Nxc5 23. Nf5 Qc7 24. Rc1 exf5 25. Rxc5 Qf4 26. Rxf5 Qh4 27. Qf1 Rc2 28. Rf3 Rfc8 29. Rd1 Rxa2 30. Rh3 Qb4 31. Rhd3 g6 32. Nc1 Rac2 33. Ne2 a5 34. Rb1 Rb2 35. Rc1 Rxc1 36. Nxc1 Rb1 37. Rd1 a4 38. Na2 Rxd1 39. Nxb4 Rxf1+ 40. Kxf1 Kf8 41. Ke2 Ke7 42. Kd3 Kd6 43. f3 Nd5 44. Nc2 Nf4+ 45. Kc4 Nxg2 46. Kb4 Nh4 47. f4 h5 48. Kc3 Nf3 49. Kb2 Nxh2 50. Ka3 h4 51. Kxa4 h3 52. Na3 Ng4 53. Kb4 h2 54. Kc4 h1Q 0-1

[Event "EU-ch U10 Girls 27th"]
[Site "Mamaia"]
[Date "2017.09.06"]
[Round "2"]
[White "Lomakina, Anzhelika"]
[Black "Mikhailina, Olga"]
[Result "1-0"]
[WhiteElo "1539"]
[BlackElo "1365"]
[PlyCount "35"]
[EventDate "2017.09.05"]
[EventType "swiss"]
[EventRounds "9"]
[EventCountry "ROU"]
[SourceTitle "CBM 180 Extra"]
[Source "ChessBase"]
[SourceDate "2017.10.06"]
[SourceVersion "1"]
[SourceVersionDate "2017.10.06"]
[SourceQuality "1"]

1. e4 e5 2. d4 exd4 3. Nf3 Nf6 4. e5 Ne4 5. Qxd4 d5 6. exd6 Nxd6 7. Nc3 Nc6 8. Qf4 Be6 9. Bd3 Be7 10. Be3 Qd7 11. 0-0-0 0-0-0 12. Bb5 a6 13. Ne5 Bg5 14. Qxg5 f6 15. Nxd7 fxg5 16. Bxc6 Bxd7 17. Bxd7+ Rxd7 18. Bxg5 1-0